000 00469nam a2200181Ia 4500
003 GCL
008 140319s9999 xx 000 0 eng d
040 _aGCL /
_cGCL
082 0 4 _a128.2
_bS R
100 1 _aSTERELNY, KIM
245 1 0 _aTHE REPRESENATIONAL THEORY OF MIND /
_cSTERELNY, KIM
260 _a[S.N] :
_bBasil Block Well Ltd ،
_c1991
300 _a252 P
650 0 4 _aPHILOSOPHY
650 0 4 _aMIND AND BODY
650 0 4 _aREPRESENTATION
942 _2ddc
_cBK
999 _c10385
_d10385